Statistics for JetPunk Family Feud - Round 1

Click here to take the quiz!

General Stats

  • This quiz has been taken 2,168 times
  • The average score is 29 of 50

Answer Stats

Category#Answer% Correct
PLANET14Earth
98%
PLANET3Mars
97%
PLANET5Jupiter
91%
SPANISH NUMBER16Uno
90%
PLANET3Saturn
89%
US STATE7California
88%
US PRESIDENT8Washington
86%
US STATE4New York
85%
SPANISH NUMBER4Dos
84%
PLANET3Mercury
84%
GREEK LETTER15Alpha
83%
US PRESIDENT6Obama
83%
US STATE3Texas
81%
EU LANGUAGE12French
78%
S COUNTRY4Spain
78%
FIFA WINNER2Spain
78%
EU LANGUAGE7English
77%
GREEK LETTER3Beta
76%
FIFA WINNER16Brazil
74%
US STATE4Florida
74%
US PRESIDENT4Lincoln
73%
EU LANGUAGE3Spanish
72%
GREEK LETTER5Omega
65%
US PRESIDENT3Bush
63%
FIFA WINNER3Germany
59%
EU LANGUAGE3Italian
59%
S COUNTRY5Sweden
58%
US PRESIDENT3Kennedy
53%
CANADIAN PROVINCE5Québec
53%
S COUNTRY5Switzerland
52%
CANADIAN PROVINCE10Ontario
50%
FIFA WINNER3Italy
47%
SPANISH NUMBER5Ocho
47%
US STATE3Alaska
43%
CANADIAN PROVINCE2Alberta
39%
EU LANGUAGE2Dutch
39%
CANADIAN PROVINCE4British Columbia
38%
SPANISH NUMBER2Seis
36%
GREEK LETTER3Pi
35%
S COUNTRY3Serbia
30%
FIFA WINNER2Uruguay
29%
S COUNTRY4Singapore
28%
NFL TEAM449ers
22%
CANADIAN PROVINCE3Yukon
22%
NFL TEAM7Eagles
20%
NFL TEAM3Bears
19%
NFL TEAM3Broncos
18%
NFL TEAM3Bengals
10%
SPANISH NUMBER2Trece
9%
GREEK LETTER2Upsilon
7%

Score Distribution

Percentile by Number Answered

Percent of People with Each Score

Your Score History

You have not taken this quiz